List of all Universities in the Netherlands - Statistics

General Stats
  • This quiz has been taken 13 times
  • The average score is 9 of 13
Answer Stats
Province University % Correct
Utrecht Universiteit Utrecht
100%
Groningen Rijksuniversiteit Groningen
91%
South-Holland Universiteit Leiden
91%
North-Holland Vrije Universiteit Amsterdam
82%
Gelderland Radboud Universiteit
73%
South-Holland Erasmus Universiteit Rotterdam
64%
North-Brabant Technische Universiteit Eindhoven
64%
Limburg Universiteit Maastricht
64%
Overijssel Universiteit Twente
64%
South-Holland Technische Universiteit Delft
55%
North-Holland Universiteit van Amsterdam
55%
North-Brabant Tilburg University
45%
Gelderland Wageningen University & Research
45%
No matching quizzes found
Score Distribution
Percent of People with Each Score
Percentile by Number Answered
Your Score History
You have not taken this quiz